| 000 | 00793nam a2200253 a 4500 | ||
|---|---|---|---|
| 001 | 000022008 | ||
| 005 | 20200930011537.0 | ||
| 008 | 100915s2001 sp r 000 j spa d | ||
| 020 | _a8466302840 | ||
| 040 |
_aDO-SdBNP _bspa _cBNPHU |
||
| 082 |
_a891.73 _bD724n |
||
| 100 | 1 |
_aDostoyevski, Fiodor M. _d1821-1881 _945618 |
|
| 240 | 1 | 0 | _aBiélie nochi |
| 245 | 1 | 4 |
_aNoches blancas / _cFiodor M. Dostoyevski; traducción de Rafael Cansinos Assens. |
| 260 |
_aMadrid : _bSuma de Letras, _c2001. |
||
| 300 |
_a133 p. ; _c18 cm. |
||
| 490 | 1 |
_aPunto de Lectura; _v2 |
|
| 534 |
_aTítulo original : _tBiélie nochi |
||
| 650 | 4 |
_aNovela rusa _94742 |
|
| 650 | 4 |
_aLiteratura rusa _94743 |
|
| 700 | 1 |
_aCansinos Assens, Rafael _etr. _912997 |
|
| 830 | 0 |
_aPunto de Lectura; _v2 _93047 |
|
| 049 | _aBNGR | ||
| 999 |
_c21506 _d21506 |
||